Kinh tế Châu Á Thái Bình Dương
محفوظ في:
| التنسيق: | كتاب |
|---|---|
| اللغة: | Undetermined |
| منشور في: |
Hà Nội
Trung Tâm Kinh tế Châu Á - Thái Bình Dương
2020
|
| الموضوعات: | |
| الوسوم: |
إضافة وسم
لا توجد وسوم, كن أول من يضع وسما على هذه التسجيلة!
|
| Thư viện lưu trữ: | Trung tâm Học liệu Trường Đại học Cần Thơ |
|---|
| LEADER | 00636nam a2200181Ia 4500 | ||
|---|---|---|---|
| 001 | CTU_237805 | ||
| 008 | 210402s9999 xx 000 0 und d | ||
| 020 | |c 0 | ||
| 082 | |a 330 | ||
| 082 | |b K312 | ||
| 245 | 0 | |a Kinh tế Châu Á Thái Bình Dương | |
| 245 | 0 | |c Cơ quan của Trung Tâm Kinh tế Châu Á - Thái Bình Dương | |
| 260 | |a Hà Nội | ||
| 260 | |b Trung Tâm Kinh tế Châu Á - Thái Bình Dương | ||
| 260 | |c 2020 | ||
| 650 | |a Asia - economic aspects,International economic relations,Kinh tế | ||
| 904 | |i T.Trang | ||
| 980 | |a Trung tâm Học liệu Trường Đại học Cần Thơ | ||